000 00406nam a2200181Ia 4500
005 20240823010743.0
008 240823s9999||||xx |||||||||||||| ||und||
041 _aENGLISH
082 _A621. P1
100 _aHanda
245 0 _aGATE MECH
250 _a16th
260 _c2001
_b"Satya Prakashan,New Delhi"
500 _aTRANSFERED
650 _aGATE
_bMechanical
942 _cBK
999 _c159550
_d159550